[Event "Dortmund Sparkassen op-B 47th"]
[Site "Dortmund"]
[Date "2019.07.20"]
[Round "8"]
[White "Heiduk, Christopher"]
[Black "Schlaeger, Reiner"]
[Result "0-1"]
[WhiteElo "1449"]
[BlackElo "1670"]
[PlyCount "94"]
[EventDate "2019.07.13"]
[EventType "swiss"]
[EventRounds "9"]
[EventCountry "GER"]
[SourceTitle "CBM 192 Extra"]
[Source "Chessbase"]
[SourceDate "2019.11.06"]
[SourceVersion "1"]
[SourceVersionDate "2019.11.06"]
[SourceQuality "1"]

1. d4 Nf6 2. Nf3 d6 3. e3 Nbd7 4. Nbd2 c5 5. Bd3 g6 6. b3 Bg7 7. Bb2 cxd4 8. exd4 Nd5 9. c4 Nf4 10. Bf1 Nc5 11. dxc5 Bxb2 12. Rb1 Bg7 13. Ne4 Bf5 14. Qc2 dxc5 15. Rd1 Qc7 16. g3 Nh5 17. Qe2 0-0 18. Bg2 Qa5+ 19. Nfd2 Rad8 20. 0-0 Qxa2 21. Qe3 Bd4 22. Qf3 Nf6 23. Nxf6+ Bxf6 24. Ne4 Bxe4 25. Qxe4 Rxd1 26. Rxd1 Qxb3 27. Rb1 Qa2 28. Rxb7 Bd4 29. Qf3 e6 30. Bf1 a5 31. Ra7 a4 32. Qe2 Qb3 33. Qd3 Qb2 34. Qf3 Qb3 35. Qxb3 axb3 36. Rb7 b2 37. Bd3 Ra8 38. Kg2 Ra3 39. Bb1 Ra1 40. Bd3 Rd1 41. Bc2 Rd2 42. Bb1 Rxf2+ 43. Kh3 Kg7 44. Rb3 f5 45. Rb7+ Kh6 46. Rb6 e5 47. g4 Rf3+ 0-1

[Event "Dortmund Sparkassen op-B 47th"]
[Site "Dortmund"]
[Date "2019.07.18"]
[Round "6"]
[White "Ostra, Noah"]
[Black "Schlaeger, Reiner"]
[Result "0-1"]
[WhiteElo "1542"]
[BlackElo "1670"]
[PlyCount "47"]
[EventDate "2019.07.13"]
[EventType "swiss"]
[EventRounds "9"]
[EventCountry "GER"]
[SourceTitle "CBM 192 Extra"]
[Source "Chessbase"]
[SourceDate "2019.11.06"]
[SourceVersion "1"]
[SourceVersionDate "2019.11.06"]
[SourceQuality "1"]

1. e4 e5 2. Nf3 Nc6 3. Bb5 Bc5 4. 0-0 Nf6 5. c3 Nxe4 6. Bxc6 bxc6 7. Nxe5 0-0 8. d4 Bb6 9. Re1 d5 10. Be3 Qd6 11. Nd2 f5 12. f3 f4 13. fxe4 fxe3 14. Rxe3 c5 15. Rf3 Be6 16. Nd3 cxd4 17. cxd4 dxe4 18. Nxe4 Qxd4+ 19. Nef2 Bd5 20. Rxf8+ Rxf8 21. Qe2 Bc4 22. Rd1 Bxd3 23. Rxd3 Qxf2+ 24. Qxf2 0-1

[Event "Dortmund Sparkassen op-B 47th"]
[Site "Dortmund"]
[Date "2019.07.14"]
[Round "2"]
[White "Mischke, Daniel"]
[Black "Schlaeger, Reiner"]
[Result "1-0"]
[WhiteElo "1526"]
[BlackElo "1670"]
[PlyCount "49"]
[EventDate "2019.07.13"]
[EventType "swiss"]
[EventRounds "9"]
[EventCountry "GER"]
[SourceTitle "CBM 192 Extra"]
[Source "Chessbase"]
[SourceDate "2019.11.06"]
[SourceVersion "1"]
[SourceVersionDate "2019.11.06"]
[SourceQuality "1"]

1. d4 Nf6 2. Nf3 e6 3. c4 c5 4. g3 cxd4 5. Nxd4 Nc6 6. Bg2 Qa5+ 7. Bd2 Qc5 8. Nxc6 bxc6 9. b3 d5 10. cxd5 cxd5 11. 0-0 Bb7 12. Be3 Qd6 13. Nc3 a6 14. Rc1 Be7 15. Na4 Ne4 16. Bxe4 dxe4 17. Qxd6 Bxd6 18. Rfd1 Ke7 19. Bc5 Bxc5 20. Nxc5 Bd5 21. e3 g5 22. Rd4 g4 23. Nxe4 h5 24. Rc7+ Kf8 25. Nd6 1-0

[Event "Ruhrgebiet Verbandsklasse Gruppe 1 1718"]
[Site "Germany"]
[Date "2018.01.14"]
[Round "5.8"]
[White "Schlaeger, Reiner"]
[Black "Schaller, Kai"]
[Result "0-1"]
[WhiteElo "1598"]
[BlackElo "1786"]
[PlyCount "124"]
[EventDate "2017.09.17"]
[EventType "team-tourn"]
[EventRounds "9"]
[EventCountry "GER"]
[SourceTitle "EXT 2022"]
[Source "ChessBase"]
[SourceDate "2021.10.06"]
[SourceVersion "1"]
[SourceVersionDate "2021.10.06"]
[SourceQuality "1"]
[WhiteTeam "Dortmund FS"]
[BlackTeam "Welper SV II"]
[WhiteTeamCountry "GER"]
[BlackTeamCountry "GER"]

1. d4 Nf6 2. c4 d5 3. cxd5 Nxd5 4. e4 Nb6 5. Nc3 e6 6. Nf3 c5 7. Bf4 cxd4 8. Bb5+ N8d7 9. Nxd4 a6 10. Ba4 Be7 11. Bxd7+ Bxd7 12. 0-0 Rc8 13. Qg4 e5 14. Qxg7 Bf6 15. Bg5 Bxg7 16. Bxd8 Rxd8 17. Nc2 Be6 18. Ne3 h6 19. Rfe1 0-0 20. Nf5 Bxf5 21. exf5 f6 22. Ne4 Rd5 23. a4 Nc4 24. b4 b6 25. Ra2 Nd6 26. Nc3 Rd3 27. Ne2 Rd8 28. g4 Ne4 29. Rc2 Rd1 30. Rxd1 Rxd1+ 31. Kg2 Rd2 32. Rc8+ Bf8 33. Kf3 Nd6 34. Rc6 Rd3+ 35. Kg2 Ra3 36. Nc3 Kg7 37. Rc7+ Nf7 38. Rc6 Bxb4 39. Nd5 Bd6 40. Nxb6 Rd3 41. Nc4 Rc3 42. Rxd6 Nxd6 43. Nxd6 Rd3 44. Ne8+ Kf7 45. Nc7 Rd4 46. Nxa6 Rxa4 47. Nc5 Rxg4+ 48. Kf3 Rf4+ 49. Kg3 Rxf5 50. Ne4 Rf4 51. f3 Kg6 52. Nf2 Ra4 53. Ne4 f5 54. Nc5 Ra3 55. Kf2 Kg5 56. Ne6+ Kh4 57. Nf8 Ra7 58. Ne6 Kh3 59. f4 e4 60. Ke3 Kxh2 61. Kd4 Ra5 62. Nc5 Rxc5 0-1